Systém na monitorovanie a riadenie logistických prostriedkov
Logistika v automobilovm priemysle ako súčasť výrobného procesu. Materiál dodaný na linku "Just in Time". Komplexný vypravovací systém pre zásobenie montážnej linky konštrukčnými dielmi.
Salvato in:
| Autore principale: | |
|---|---|
| Natura: | Capitolo di libro |
| Lingua: | slovacco |
| Soggetti: | |
| Tags: |
Nessun Tag, puoi essere il primo ad aggiungerne!!
|
MARC
| LEADER | 00000naa a2200000 4500 | ||
|---|---|---|---|
| 001 | 0122056 | ||
| 005 | 20231129135231.3 | ||
| 041 | 0 | |a slo | |
| 044 | |a SK | ||
| 245 | 1 | 0 | |a Systém na monitorovanie a riadenie logistických prostriedkov |c Ján Capák |
| 520 | |a Logistika v automobilovm priemysle ako súčasť výrobného procesu. Materiál dodaný na linku "Just in Time". Komplexný vypravovací systém pre zásobenie montážnej linky konštrukčnými dielmi. | ||
| 610 | 2 | 0 | |a priemysel automobilový |
| 610 | 2 | 0 | |a logistika podniková |
| 610 | 2 | 0 | |a proces výrobný |
| 610 | 2 | 0 | |a linky výrobné |
| 610 | 2 | 0 | |a výroba pásová |
| 610 | 2 | 0 | |a obsluha výroby |
| 610 | 2 | 0 | |a výkony vnútropodnikové |
| 610 | 2 | 0 | |a manipulácia s materiálom |
| 610 | 2 | 0 | |a produktivita |
| 100 | 1 | |a Capák, Ján | |